000
00277nam a22001097a 4500
008
160614b xxu||||| |||| 00| 0 eng d
020
_a
0721604463
041
_a
eng
080
_a
618.2
245
_a
Medical surgical nursing:
_c
Donna Ignatavicius; Linda Workman;
942
_2
udc
_c
BK
999
_c
2507
_d
2507